00513nam a2200133Ia 4500008004100000050001300041100001100054245005300065260003600118300001100154650010700165952009000272999001700362120626s9999 xx 000 0 und d aHX40 M35 aBILANZ aAsien Afrika Lateinmerika 1968 / Bilanz y otros aKARL-MARX: UNIVERSITAT LEIPZING a605 p. a1. Imperialismo 2. Socialismo en Asia 3.Socialismo en Africa 4. Socialismo América LatinaÌÌ 00104070a11b11d2007-01-08l0oHX40 M35p11 001904r2012-06-26t1w2012-06-26yLB c69467d69467